Annual Conference Marine Technology Society: proceedings
Saved in:
| Institution som forfatter: | |
|---|---|
| Format: | Bog |
| Sprog: | engelsk |
| Udgivet: |
Washington, D.C
Marine Technology Society
1974
|
| Fag: | |
| Tags: |
Tilføj Tag
Ingen Tags, Vær først til at tagge denne postø!
|
MARC
| LEADER | 00000nam a2200000 a 4500 | ||
|---|---|---|---|
| 001 | UCY3239 | ||
| 003 | CL-VaPUC | ||
| 005 | 20250102161947.0 | ||
| 008 | 941219e19740000us 1 eng d | ||
| 082 | 0 | 4 | |a 551.46 |b MAR |2 21 |
| 110 | 2 | |a Marine Technology Society, Estados Unidos |e author |9 617127 | |
| 245 | 1 | 0 | |a Annual Conference Marine Technology Society: proceedings |
| 246 | 1 | 0 | |a National needs and ocean solutions |
| 260 | |a Washington, D.C |b Marine Technology Society |c 1974 | ||
| 300 | |a 1062 p | ||
| 583 | |a last modification |c 19941219 00:00:00 |k Rodrigo Vera | ||
| 650 | 0 | 7 | |a CIENCIAS DEL MAR |2 CL-VaPUC |9 261896 |
| 650 | 0 | 0 | |a Congresos |9 257560 |
| 650 | 0 | 0 | |a Oceanografía |9 260014 |
| 650 | 0 | 0 | |a Manejo de zonas costeras |9 261475 |
| 650 | 0 | 7 | |a CONTAMINACION MARINA |2 CL-VaPUC |9 617128 |
| 650 | 0 | 7 | |a DISPOSICION DE RESIDUOS EN EL OCEANO |2 CL-VaPUC |9 261418 |
| 650 | 0 | 7 | |a SEÑALES MARITIMAS |2 CL-VaPUC |9 261383 |
| 942 | |c BK | ||
| 945 | |a mfernand |d 19941219 00:00:00 | ||
| 546 | |a En Inglés | ||
| 518 | |p Annual Conference Marine Technology Society, 10, Washington D.C, 1974 | ||
| 999 | |c 382325 |d 382323 | ||
| 952 | |0 0 |1 0 |2 ddc |4 0 |6 551_460000000000000_MAR_1974 |7 0 |8 P |9 503946 |a BIBCUR |b BIBCUR |c PAC |d 2020-01-23 |i 3043460 |o 551.46 MAR 1974 |p 3043460 |r 2025-04-22 |w 2020-01-23 |y BK |k CIM | ||